00199nam a22000977a 4500003000400000082001500004100002500019245002700044260002200071300000800093SGT a576.5bGAR aGARDNER, ELDON, JOHN aPRINCIPLES OF GENETICS bWILEY INDIAc2015 a750